Cơ học đá ứng dụng
TM tài liệu tham khảo Tr. 305; Gồm 2 phần: Phần cơ học đá cơ sở (các loại đá, các tính chất thủy lý của đá, các tính chất cơ học của đá); phần cơ học đá ứng dụng (phân loại đá trong xây dựng, gia cường khối đá, công trình thủy lợi trên nê...
Đã lưu trong:
| 主要作者: | |
|---|---|
| 格式: | 圖書 |
| 語言: | Undetermined |
| 出版: |
H.
Xây dựng, 2011
|
| 主題: | |
| 在線閱讀: | http://lrc.tdmu.edu.vn/opac/search/detail.asp?aID=2&ID=17620 |
| 標簽: |
添加標簽
沒有標簽, 成為第一個標記此記錄!
|
| Thư viện lưu trữ: | Trung tâm Học liệu Trường Đại học Thủ Dầu Một |
|---|
| LEADER | 01061nam a2200193Ia 4500 | ||
|---|---|---|---|
| 001 | TDMU_17620 | ||
| 008 | 210410s9999 xx 000 0 und d | ||
| 082 | |a 553.5 | ||
| 090 | |b NG527 | ||
| 100 | |a Nguyễn, Uyên | ||
| 245 | 0 | |a Cơ học đá ứng dụng | |
| 245 | 0 | |c Nguyễn Uyên | |
| 260 | |a H. | ||
| 260 | |b Xây dựng, 2011 | ||
| 300 | |a 307r. | ||
| 520 | |a TM tài liệu tham khảo Tr. 305; Gồm 2 phần: Phần cơ học đá cơ sở (các loại đá, các tính chất thủy lý của đá, các tính chất cơ học của đá); phần cơ học đá ứng dụng (phân loại đá trong xây dựng, gia cường khối đá, công trình thủy lợi trên nền đá, công trình ngầm trong đá, ổn định của mái dốc đá) | ||
| 650 | |a Vật liệu xây dựng |x Đá; Đá xây dựng | ||
| 856 | |u http://lrc.tdmu.edu.vn/opac/search/detail.asp?aID=2&ID=17620 | ||
| 980 | |a Trung tâm Học liệu Trường Đại học Thủ Dầu Một | ||